[Event "Fouesnant op 15th"]
[Site "Fouesnant"]
[Date "2009.10.31"]
[Round "9"]
[White "Quenolle, Philippe"]
[Black "Bordelet, Louis"]
[Result "1-0"]
[WhiteElo "1921"]
[BlackElo "1782"]
[PlyCount "67"]
[EventDate "2009.10.26"]
[EventType "swiss"]
[EventRounds "9"]
[EventCountry "FRA"]
[SourceTitle "EXT 2010"]
[Source "ChessBase"]
[SourceDate "2010.11.25"]
[SourceVersion "1"]
[SourceVersionDate "2010.11.25"]
[SourceQuality "1"]

1. e4 e6 2. d4 d5 3. Nc3 Nf6 4. e5 Nfd7 5. f4 c5 6. Nce2 Nc6 7. c3 Qb6 8. Nf3 cxd4 9. cxd4 Bb4+ 10. Bd2 f6 11. Bxb4 Qxb4+ 12. Qd2 Qb6 13. Nc3 a6 14. Rc1 0-0 15. Bd3 Kh8 16. Bb1 Ne7 17. 0-0 Rg8 18. Kh1 Qd8 19. Qc2 g6 20. Qe2 Nc6 21. Rfe1 fxe5 22. fxe5 Nf8 23. Qe3 Bd7 24. Ng5 Be8 25. Rf1 Qe7 26. Rf6 Nd8 27. Rcf1 Nd7 28. Qh3 Rg7 29. Nxe6 Nxe6 30. Nxd5 Ng5 31. Qg4 Nxf6 32. exf6 Qe4 33. fxg7+ Kxg7 34. Bxe4 1-0

[Event "Fouesnant op 15th"]
[Site "Fouesnant"]
[Date "2009.10.25"]
[Round "2"]
[White "Bertrand, Nicolas"]
[Black "Bordelet, Louis"]
[Result "1/2-1/2"]
[WhiteElo "1923"]
[BlackElo "1782"]
[PlyCount "67"]
[EventDate "2009.10.26"]
[EventType "swiss"]
[EventRounds "9"]
[EventCountry "FRA"]
[SourceTitle "EXT 2010"]
[Source "ChessBase"]
[SourceDate "2010.11.25"]
[SourceVersion "1"]
[SourceVersionDate "2010.11.25"]
[SourceQuality "1"]

1. e4 e5 2. Nf3 Nc6 3. Bb5 a6 4. Ba4 Nf6 5. 0-0 Be7 6. Qe2 b5 7. Bb3 d6 8. a4 Rb8 9. axb5 axb5 10. Nc3 Bg4 11. Nxb5 0-0 12. Qc4 Bxf3 13. Qxc6 Bxe4 14. Qa6 Nd7 15. Nc3 Nc5 16. Qc4 Nxb3 17. cxb3 d5 18. Qe2 Bc2 19. d4 Bxb3 20. Qxe5 Bf6 21. Qf4 Re8 22. Ra7 Re7 23. Na4 Bxa4 24. Rxa4 Re4 25. Qd2 Qe8 26. Ra7 Rxd4 27. Qa5 c6 28. Rc7 Rc4 29. Re1 Qf8 30. Qa7 Bd4 31. Qa6 Ra8 32. Qb7 Rb8 33. Qa6 Ra8 34. Qb7 1/2-1/2

[Event "Fouesnant op 15th"]
[Site "Fouesnant"]
[Date "2009.10.25"]
[Round "3"]
[White "Bordelet, Louis"]
[Black "Viart, Bettina"]
[Result "1-0"]
[WhiteElo "1782"]
[BlackElo "1590"]
[PlyCount "101"]
[EventDate "2009.10.26"]
[EventType "swiss"]
[EventRounds "9"]
[EventCountry "FRA"]
[SourceTitle "EXT 2010"]
[Source "ChessBase"]
[SourceDate "2010.11.25"]
[SourceVersion "1"]
[SourceVersionDate "2010.11.25"]
[SourceQuality "1"]

1. e4 c5 2. Nf3 d6 3. d4 cxd4 4. Qxd4 Nc6 5. Bb5 Qa5+ 6. Nc3 Bd7 7. Bxc6 bxc6 8. 0-0 e5 9. Qd3 Be7 10. Kh1 h6 11. Nd2 Be6 12. Nc4 Qc7 13. f4 Nf6 14. f5 Bc8 15. Qg3 Kf8 16. Ne3 Bb7 17. Ng4 a6 18. Be3 Nxg4 19. Qxg4 h5 20. Qd1 Rd8 21. Na4 c5 22. Nc3 Bc6 23. Nd5 Qb7 24. b3 Bxd5 25. exd5 Bf6 26. c4 Qe7 27. Rb1 Bg5 28. Qe2 Bxe3 29. Qxe3 f6 30. b4 cxb4 31. Rxb4 Qc7 32. Qb6 Qe7 33. Qxa6 Kg8 34. Rb7 Qf8 35. Qb5 Kh7 36. a4 Kh6 37. a5 g5 38. fxg6 Kxg6 39. Qb1+ f5 40. a6 Rh7 41. Rxh7 Kxh7 42. Rxf5 Qxf5 43. Qxf5+ Kg7 44. Qg5+ Kf7 45. Qxd8 Kg6 46. Qxd6+ Kf5 47. a7 e4 48. g3 e3 49. Qf4+ Kg6 50. a8Q e2 51. Qg8# 1-0

[Event "Fouesnant op 15th"]
[Site "Fouesnant"]
[Date "2009.10.24"]
[Round "1"]
[White "Bordelet, Louis"]
[Black "Inkiov, Ventzislav"]
[Result "0-1"]
[WhiteElo "1782"]
[BlackElo "2465"]
[PlyCount "48"]
[EventDate "2009.10.26"]
[EventType "swiss"]
[EventRounds "9"]
[EventCountry "FRA"]
[SourceTitle "EXT 2010"]
[Source "ChessBase"]
[SourceDate "2010.11.25"]
[SourceVersion "1"]
[SourceVersionDate "2010.11.25"]
[SourceQuality "1"]

1. e4 c5 2. Nf3 d6 3. d4 cxd4 4. Qxd4 a6 5. Nc3 Nc6 6. Qd3 g6 7. Be3 Qa5 8. Be2 Bg7 9. 0-0 Nf6 10. Nd4 0-0 11. f4 Bd7 12. a3 Rac8 13. Rad1 Nxd4 14. Bxd4 Bc6 15. Bf3 Rfd8 16. Rfe1 e5 17. Be3 exf4 18. Bxf4 Qb6+ 19. Kh1 Qxb2 20. Bc1 Qb6 21. Nd5 Nxd5 22. exd5 Ba4 23. Bg5 Bxc2 24. Qe2 Bxd1 0-1

[Event "Louviers op 12th"]
[Site "Louviers"]
[Date "2009.05.31"]
[Round "4"]
[White "Bordelet, Louis"]
[Black "Vincent, Didier"]
[Result "0-1"]
[WhiteElo "1804"]
[BlackElo "2045"]
[PlyCount "77"]
[EventDate "2009.05.30"]
[EventType "swiss"]
[EventRounds "6"]
[EventCountry "FRA"]
[SourceTitle "EXT 2011"]
[Source "ChessBase"]
[SourceDate "2010.11.26"]
[SourceVersion "1"]
[SourceVersionDate "2010.11.26"]
[SourceQuality "1"]

1. e4 e5 2. Nf3 Nc6 3. Bb5 a6 4. Ba4 Nf6 5. 0-0 b5 6. Bb3 Be7 7. Re1 d6 8. c3 Na5 9. Bc2 c5 10. d4 Qc7 11. d5 0-0 12. h3 Nb7 13. Nbd2 a5 14. Nf1 c4 15. Ng3 Nc5 16. Nh2 Bd7 17. f4 exf4 18. Bxf4 Rfe8 19. Qf3 h6 20. Rad1 b4 21. Nh5 Nxh5 22. Qxh5 Bf6 23. Qf3 Be5 24. Bc1 Re7 25. Rf1 bxc3 26. bxc3 a4 27. Ng4 Bxg4 28. Qxg4 Kh8 29. Rf3 a3 30. Rdf1 f6 31. Qg6 Nd7 32. Qh5 Kh7 33. Bf4 Rb8 34. Bxe5 Rxe5 35. Qg4 Rb2 36. Ba4 Nc5 37. Be8 Rg5 38. Qf4 Rgxg2+ 39. Kh1 0-1

[Event "Fouesnant op 12th"]
[Site "Fouesnant"]
[Date "2006.10.29"]
[Round "2"]
[White "Tonal, Jean Jacques"]
[Black "Bordelet, Louis"]
[Result "1-0"]
[WhiteElo "1600"]
[BlackElo "1840"]
[PlyCount "62"]
[EventDate "2006.10.28"]
[EventType "swiss"]
[EventRounds "9"]
[EventCountry "FRA"]
[SourceTitle "EXT 2008"]
[Source "ChessBase"]
[SourceDate "2007.11.25"]
[SourceVersion "1"]
[SourceVersionDate "2007.11.25"]
[SourceQuality "1"]

1. f4 g6 2. e3 Bg7 3. Nf3 Nf6 4. d4 0-0 5. Bd3 c5 6. c3 Qc7 7. 0-0 d5 8. Ne5 Nc6 9. Nd2 c4 10. Bc2 Bf5 11. Bxf5 gxf5 12. Ndf3 Ne4 13. Qe1 Nd8 14. Nd2 f6 15. Nef3 Nf7 16. Nxe4 fxe4 17. Nh4 Kh8 18. Nf5 Rg8 19. Qh4 Qd7 20. g4 Bf8 21. Kh1 Rg6 22. Rg1 e6 23. Bd2 exf5 24. gxf5 Qxf5 25. Rxg6 Qxg6 26. Rg1 Qh6 27. Qg4 Bg7 28. Qe6 Qh5 29. h3 Nh6 30. Qd7 Nf5 31. Kh2 Nh4 1-0

[Event "Fouesnant op 12th"]
[Site "Fouesnant"]
[Date "2006.10.28"]
[Round "1"]
[White "Bordelet, Louis"]
[Black "Piankov, Evgenij"]
[Result "0-1"]
[WhiteElo "1840"]
[BlackElo "2337"]
[PlyCount "65"]
[EventDate "2006.10.28"]
[EventType "swiss"]
[EventRounds "9"]
[EventCountry "FRA"]
[SourceTitle "EXT 2008"]
[Source "ChessBase"]
[SourceDate "2007.11.25"]
[SourceVersion "1"]
[SourceVersionDate "2007.11.25"]
[SourceQuality "1"]

1. e4 g6 2. d4 Bg7 3. c3 c6 4. Nf3 d5 5. e5 Nh6 6. Bd3 0-0 7. Bf4 f6 8. Nbd2 Nd7 9. Qc2 fxe5 10. Bxe5 Nxe5 11. Nxe5 Ng4 12. Ndf3 Qc7 13. Qe2 Nxe5 14. Nxe5 Bf5 15. 0-0-0 Bxe5 16. dxe5 e6 17. g4 Bxd3 18. Rxd3 Rf4 19. h4 Raf8 20. Rh2 Re4 21. Re3 Qxe5 22. Rxe4 Qxe4 23. Qxe4 dxe4 24. Kd2 Rf3 25. Ke2 h6 26. h5 g5 27. Rh1 Kf7 28. Rd1 Ke7 29. Rd4 Rf4 30. f3 exf3+ 31. Kf2 e5 32. Rxf4 exf4 33. Kxf3 0-1